Transmission and distribution of electrical power (Record no. 5456)

MARC details
000 -LEADER
fixed length control field 00447nam a2200157Ia 4500
003 - CONTROL NUMBER IDENTIFIER
control field SGT
020 ## - INTERNATIONAL STANDARD BOOK NUMBER
International Standard Book Number 9788185749570
082 ## - DEWEY DECIMAL CLASSIFICATION NUMBER
Classification number 621.31
Item number GUP
100 ## - MAIN ENTRY--PERSONAL NAME
Personal name Gupta,J.B
245 ## - TITLE STATEMENT
Title Transmission and distribution of electrical power
260 ## - PUBLICATION, DISTRIBUTION, ETC. (IMPRINT)
Name of publisher, distributor, etc S.K. Kataria & SONS
Place of publication, distribution, etc N.Delhi
Year of Publication 2012
300 ## - PAGE DESCRIPTION
No. of Pages 464p.
650 ## - SUBJECT ADDED ENTRY--TOPICAL TERM
Topical term or geographic name as entry element ELECTRICAL ENGINEERING
653 ## - KEYWORDS--INDEX TERM
Keyword term SUPPLY SYSTEMS,MECHANICAL DESIGN OF OVERHEAD LINES,OVERHEAD LINE INSULATORS
942 ## - ADDED ENTRY ELEMENTS (KOHA)
Source of classification or shelving scheme Dewey Decimal Classification
Koha item type Books
Holdings
Withdrawn status Lost status Source of classification or shelving scheme Damaged status Use restrictions Not for loan Collection code Home library Current library Shelving location Date acquired SGTU Full call number Accession No. (Barcode) Date last seen Bill Date Koha item type Total Checkouts
    Dewey Decimal Classification   Restricted Access Not For Loan ENGINEERING SGT Engineering Library SGT Engineering Library Reference Book 06/11/2012 SGTU 621.31 GUP FE5290 09/02/2015 09/02/2015 Books  
    Dewey Decimal Classification         SGT Engineering Library SGT Engineering Library   19/03/2013 SGTU 621.319 GUP FE5655 09/02/2015 09/02/2015 Books